| 000 | 00752pam a2200253 a 4500 | ||
|---|---|---|---|
| 001 | 2452897 | ||
| 003 | OSt | ||
| 005 | 20230815123428.0 | ||
| 008 | 890811s1989 ilu b 000 0 eng | ||
| 010 | _a 89017801 | ||
| 020 | _a0962311820 : | ||
| 040 |
_aDLC _cDLC _dDLC |
||
| 050 | 0 | 0 |
_aHG8781 _b.T76 1989 |
| 082 | 0 | 0 |
_a368/.01 _220 |
| 100 | 1 | _aTrowbridge, Charles L. | |
| 245 | 1 | 0 |
_aFundamental concepts of actuarial science / _cCharles L. Trowbridge. |
| 250 | _aRev. ed. | ||
| 260 |
_a[Schaumburg, IL] : _bActuarial Education and Research Fund, _c1989. |
||
| 300 | _aviii, 79 p. ; | ||
| 504 | _aIncludes bibliographical references. | ||
| 650 | 0 | _aActuarial science. | |
| 906 |
_a7 _bcbc _corignew _d1 _eocip _f19 _gy-gencatlg |
||
| 942 |
_2lcc _cBK |
||
| 999 |
_c20226 _d20225 |
||